000 00959nam a2200289Ia 4500
005 20220316235655.0
008 121119s1997 ck a gr 000 f spa
020 _a9586333655
041 1 _aspa
100 1 _aDoyle, Arthur Conan, Sir
_d1859-1930
245 1 0 _aEstudio en escarlata
_cA. Conan Doyle ; traducción, A Lazaro Ros ; ilustración, Geo Hutchinson
250 _aPrimera edición
300 _a220 páginas
_bilustraciones
_c21 cm
490 0 _aTus libros; policíacos
650 1 4 _aDetectives
_2LEMB
650 1 4 _aLiteratura inglesa
_2LEMB
650 1 4 _aNovela policíaca inglesa
_2LEMB
700 1 _aLázaro Ros, Amando
_etraductor
_940178
700 1 _aHutchinson, Geo
_eilustrador
_940179
942 _2loc
_cBK
264 _aBogotá
_bRei Andes
_c1997
336 _atexto
_btxt
_2rdacontent
337 _asin mediación
_bn
_2rdamedia
338 _avolumen
_bnc
_2rdacarrier
040 _aCO-BoRNBP
_bspa
_erda
_cCO-BoRNBP
084 _aN DOY1
999 _c1780
_d1780